000
00286nam a2200109Ia 4500
008
220204s9999 xx 000 0 und d
082
_a
631.83
_b
KAL
245
0
_a
Kali in bild(Potassium in picture)
260
_a
Hannover
_b
Landwirtschaftliche
650
_a
Potash deficiency
942
_c
BK
999
_c
20643
_d
20643